Revue de la situation agricole en Europe a la fin de 1983
Uložené v:
| Médium: | Kniha |
|---|---|
| Jazyk: | French |
| Vydavateľské údaje: |
New York
Nations Unies
1984
|
| Tagy: |
Žiadne tagy, Buďte prvý, kto otaguje tento záznam!
|
MARC
| LEADER | 00000nam a2200000 4500 | ||
|---|---|---|---|
| 001 | c109057 | ||
| 005 | 20041019155143.1 | ||
| 041 | 0 | |a fre | |
| 044 | |a US | ||
| 245 | 1 | 0 | |a Revue de la situation agricole en Europe a la fin de 1983 |
| 264 | 1 | |a New York |b Nations Unies |c 1984 | |
| 300 | |a 129 s. | ||